MESTSKÁ KNIŽNICA GIRALTOVCE  - online katalóg 

Na ľudovú nôtu (Record no. 15233)

000 -NÁVESTIE
fixed length control field 00771nam a2200253 a 4500
008 - ÚDAJE S PEVNOU DĹŽKOU – VŠEOBECNÉ INFORMÁCIE
fixed length control field 960514s1987||||[C 0 slo c
020 ## - MEDZINÁRODNÉ ŠTANDARDNÉ ČÍSLO KNIHY (ISBN)
Údaje o dostupnosti 9,50 Kčs.
Qualifying information (3 000 výtl.)
040 ## - ZDROJ KATALOGIZÁCIE
Pôvodná katalogizujúca agentúra SNK
Jazyk katalogizácie slo
Prepisujúca agentúra SNK
Konvencie popisu AACR2
041 1# - KÓD JAZYKA
Kód jazyka textu/zvukovej stopy alebo samostatných nápisov slo
044 ## - KÓD KRAJINY VYDAVATEĽA/PRODUCENTA
Kód krajiny MARC xo
Kód krajiny ISO SK
080 ## - ČÍSLO MEDZINÁRODNÉHO DESATINNÉHO TRIEDENIA (MDT)
Číslo Medzinárodného desatinného triedenia (MDT) 786.8:784.4
080 ## - ČÍSLO MEDZINÁRODNÉHO DESATINNÉHO TRIEDENIA (MDT)
Číslo Medzinárodného desatinného triedenia (MDT) 784.4
080 ## - ČÍSLO MEDZINÁRODNÉHO DESATINNÉHO TRIEDENIA (MDT)
Číslo Medzinárodného desatinného triedenia (MDT) 784.4
245 10 - NÁZOV
Názov Na ľudovú nôtu
Médium Hudobnina
Zvyšok názvu Slovenské ľudové piesne pre akordeón ; Dezider Harvan, Peter Danay
250 ## - ÚDAJ O PORADÍ VYDANIA
Údaj o poradí vydania 1., vyd.
260 ## - VYDAVATEĽSKÉ ÚDAJE, DISTRIBÚCIA ATĎ.
Miesto publikovania, distribúcie atď. Bratislava
Názov vydavateľa, distibútora atď. Opus [vyd.]
Dátum publikovania, distribúcie atď. 1987
Miesto výroby Partizánske
Výrobca Západoslovenské tlačiarne
300 ## - FYZICKÝ POPIS
Rozsah 33 s.
Rozmery 30 cm
500 ## - VŠEOBECNÁ POZNÁMKA
Formátovaná poznámka o obsahu Hudobnina.
500 ## - VŠEOBECNÁ POZNÁMKA
Formátovaná poznámka o obsahu Upr. Dezider Harvan. Ob. a ilustr. Peter Danay.
700 1# - PRIDANÝ VSTUP – OSOBNÉ MENO
Osobné meno Harvan, Dezider
Kód roly oth
700 1# - PRIDANÝ VSTUP – OSOBNÉ MENO
Osobné meno Danay, Peter
Kód roly oth
924 ## -
-- harmonika
958 ## - Formálny deskriptor
Formálny deskriptor H
Holdings
Stav stiahnutia (Blokovanie) (Withrawn status) Stav straty Stav poškodenia (Damaged status) Nie pre výpožičky (Not for loan) Spôsob nadobudnutia (Collection code) Trvalé umiestnenie Aktuálne umiestnenie Dátum nadobudnutia Náklady, bežná kúpna cena Inventárne číslo (prírastkové číslo) Full call number Dátum posledného výskytu Cena s účinnosťou od Typ jednotky Koha
        Kúpa Mestská knižnica Giraltovce Mestská knižnica Giraltovce 2019-11-29 9.50 14269 I 0325 2019-11-29 2019-11-29 Odborná literatúra pre dospelých

Powered by Koha